000 01356nam a2200361Ia 4500
001 Z_6766
003 CHAP
005 20230705141120.0
008 220113s2014 xx 000 0 und d
010 _a170043
040 _cCHAP
090 _aTesis C438 2441
100 _aChávez Hernández, Gabriel
_9129094
245 _aProducción de gas in vitro como método para determinar la asimilación de dietas por corderos /
_cGabriel Chávez Hernández y Leonel Martínez Martínez
260 _aMéxico :
_bEl autor,
_c2014
300 _a45 p
502 _aTesis (Ingeniero Agrónomo Especialista en Zootecnia) -- UACh, 2014 \ Dirección: Luis Alberto Miranda Romero; asesoría: Ricardo Améndola Massiotti y Carlos Sánchez del Real
650 _aDigestibilidad
_9144243
650 _aEnergía
_936881
650 _aGanado ovino
_9139065
650 _aGases de fermentación
_9145874
650 _aProteína
_9145289
700 _a Améndola Massiotti, Ricardo, asesor
_9142895
700 _a Miranda Romero, Luis Alberto, director
_9142173
700 _a Sánchez del Real, Carlos, asesor
_9141474
700 _aMartínez Martínez, Leonel, coaut.
_9145875
856 4 2 _uhttp://10.13.5.2/tesis/sist111256.pdf
_yDescargar PDF
901 _aTESIS C438 2441
902 _aM
910 _a2014
942 _c2
_2ddc
942 _c2
_2ddc
999 _c170043
_d170043